000 00491nam a2200121Ia 4500
008 171212s9999 xx 000 0 und d
020 _a9780833051080
100 _aLaTourrette, Tom;Light, Thomas;Knopman, Debra;Bartis, James T.
245 _cLaTourrette, Tom;Light, Thomas;Knopman, Debra;Bartis, James T.
_aManaging Spent Nuclear Fuel
_bStrategy Alternatives and Policy Implications
260 _bRAND Corporation
_c2010
650 _aBusiness
856 _uwww.jstor.org/stable/10.7249/mg970rc
999 _c352294
_d352294